|
|
|
|
| LEADER |
00898aam a22002778a 4500 |
| 001 |
00031029 |
| 005 |
20171026081025.0 |
| 008 |
130830s2008 ||||||viesd |
| 020 |
|
|
|c 150000
|
| 041 |
0 |
# |
|a vie
|
| 082 |
1 |
4 |
|a 959.7
|b T305TR
|
| 100 |
1 |
# |
|a Nguyễn, Khắc Thuần
|
| 245 |
1 |
0 |
|a Tiến trình văn hóa Việt Nam từ khởi thủy đế thế kỉ XIX
|c Nguyễn Khắc Thuần
|
| 250 |
# |
# |
|a Tái bản lần thứ nhất
|
| 260 |
# |
# |
|a Hà Nội
|b Giáo Dục
|c 2008
|
| 300 |
# |
# |
|a 1024 tr.
|c 24 cm.
|
| 653 |
# |
# |
|a Khởi thủy
|
| 653 |
# |
# |
|a Văn hóa
|
| 653 |
# |
# |
|a Việt Nam
|
| 653 |
# |
# |
|a Lịch sử
|
| 653 |
# |
# |
|a Thế kỉ XX
|
| 653 |
# |
# |
|a Tiến trình
|
| 852 |
# |
# |
|b Kho đọc
|j KD.0014873
|
| 852 |
# |
# |
|j KD.0014873
|
| 910 |
|
|
|d 8/2013
|
| 980 |
# |
# |
|a Trung tâm Học liệu Lê Vũ Hùng, Trường Đại học Đồng Tháp
|